Life Of Napoleon Bonaparte (Record no. 7925)

MARC details
000 -LEADER
fixed length control field 00423nam a2200145Ia 4500
008 - FIXED-LENGTH DATA ELEMENTS--GENERAL INFORMATION
fixed length control field 211109s9999||||xx |||||||||||||| ||und||
082 ## - DEWEY DECIMAL CLASSIFICATION NUMBER
Classification number 944.05
Item number ABB-L
100 ## - MAIN ENTRY--PERSONAL NAME
Personal name Abbott, Joseph S C
245 #0 - TITLE STATEMENT
Title Life Of Napoleon Bonaparte
260 ## - PUBLICATION, DISTRIBUTION, ETC.
Name of publisher, distributor, etc. NATIONAL BOOKSTALL
Place of publication, distribution, etc. Kottayam
Date of publication, distribution, etc. 1956
300 ## - PHYSICAL DESCRIPTION
Extent 606p.
630 ## - SUBJECT ADDED ENTRY--UNIFORM TITLE
General subdivision General Stack
650 ## - SUBJECT ADDED ENTRY--TOPICAL TERM
Topical term or geographic name entry element History and geography
942 ## - ADDED ENTRY ELEMENTS (KOHA)
Koha item type BOOK
650 ## - SUBJECT ADDED ENTRY--TOPICAL TERM
Form subdivision History of EuropeFrance and monaco
General subdivision Generalia
Holdings
Withdrawn status Lost status Damaged status Not for loan Home library Current library Date acquired Total Checkouts Full call number Barcode Shelving location Date last seen Price effective from Koha item type
        SB LIBRARY SB LIBRARY 09/11/2021   944.05 ABB-L 00008436 GENERAL STACK 09/11/2021 09/11/2021 BOOK

Powered by Koha